Normal view
MARC view
Entry Personal Name
001 - CONTROL NUMBER
- control field: 11425
003 - CONTROL NUMBER IDENTIFIER
- control field: OSt
005 - DATE AND TIME OF LATEST TRANSACTION
- control field: 20170120183352.0
008 - FIXED-LENGTH DATA ELEMENTS
- fixed length control field: 170120|| aca||aabn | a|a d
040 ## - CATALOGING SOURCE
- Original cataloging agency: OSt
- Transcribing agency: OSt
100 ## - HEADING--PERSONAL NAME
- Personal name: Marsh, J.R.
670 ## - SOURCE DATA FOUND
- Source citation: Work cat.: (OSt): Marsh, J.R., Managing Financial Services Marketing
